000 01158nam0a22002771 4500
001 rc\4184926
005 20250611123454.0
021 _aRU
_b[53-46843]
035 _a(NLR Aleph) 008192597
090 _a7985498
_c7985498
100 _a20130415d1953 |||y0rusy50 ca
101 0 _arus
102 _aRU
105 _aa z |||||
200 1 _aКурс математики и хозяйственных вычислений
_eДля заоч. обучения колхоз. счетоводов
_fГл. упр. подготовки кадров М-ва сельского хозяйства и заготовок СССР. Всесоюз. заоч. учетные курсы ВЗУК
205 _a6-е изд.
210 _aМосква
_cБ. и.
_d1953
215 _a176 с.
_cил.
_d20
606 _aМатематика
_jПособия заочные
_2psbo
606 _aХозяйственные вычисления
_jПособия заочные
_2psbo
700 1 _aХмелев
_bН.Н.
_gНиколай Николаевич
801 0 _aRU
_bNLR
_gpsbo
801 1 _aRU
_bELAR
_2rusmarc
852 _aNLR
_jМт02 Г-3/296
942 _cBOOK
980 _aNB